[Event "Province VR 80th"]
[Site "Zevio Verona"]
[Date "2020.01.25"]
[Round "2.10"]
[White "Dalla Vecchia, Paolo"]
[Black "Leone, Cataldo"]
[Result "1-0"]
[WhiteElo "1821"]
[BlackElo "1503"]
[PlyCount "87"]
[EventDate "2020.01.24"]
[EventType "swiss"]
[EventRounds "5"]
[EventCountry "ITA"]
[SourceTitle "EXT 2024"]
[Source "ChessBase"]
[SourceDate "2023.10.10"]
[SourceVersion "1"]
[SourceVersionDate "2023.10.10"]
[SourceQuality "1"]

1. d4 d5 2. c4 c6 3. Nf3 Nf6 4. Nc3 e6 5. e3 Nbd7 6. Be2 Bd6 7. Qc2 dxc4 8. Bxc4 b5 9. Bd3 h6 10. 0-0 Bb7 11. Rd1 a6 12. e4 Bb4 13. Bf4 Rc8 14. Rac1 0-0 15. Qe2 c5 16. dxc5 Bxc5 17. a3 Nh5 18. Bd2 Qe7 19. b4 Bb6 20. Bb1 Rfd8 21. e5 Bxf3 22. Qxf3 Qh4 23. Re1 Rc4 24. Bd3 Rd4 25. g3 Qh3 26. Bf1 Qf5 27. Qxf5 exf5 28. Be3 Nxe5 29. Kg2 Nc4 30. Bxd4 Rxd4 31. Bxc4 Rxc4 32. Nd5 Bd4 33. Rxc4 bxc4 34. Ne7+ Kf8 35. Nxf5 Bb2 36. Nd6 Nf6 37. Nxc4 Bd4 38. h3 g5 39. Rd1 Ba7 40. Rd8+ Ke7 41. Ra8 Bd4 42. Rxa6 Ne4 43. f3 Nc3 44. Rxh6 1-0

[Event "Arco op 40th"]
[Site "Arco"]
[Date "2018.10.16"]
[Round "4"]
[White "Lagrotteria, Salvatore"]
[Black "Leone, Cataldo"]
[Result "1-0"]
[WhiteElo "2088"]
[BlackElo "1533"]
[PlyCount "41"]
[EventDate "2018.10.13"]
[EventType "swiss"]
[EventRounds "9"]
[EventCountry "ITA"]
[SourceTitle "CBM 186 Extra"]
[Source "ChessBase"]
[SourceDate "2018.08.24"]
[SourceVersion "1"]
[SourceVersionDate "2018.08.24"]
[SourceQuality "1"]

1. Nf3 d5 2. e3 Nf6 3. c4 e6 4. d4 c6 5. Bd3 Nbd7 6. 0-0 Be7 7. Nc3 0-0 8. b3 dxc4 9. bxc4 Re8 10. Bb2 Bd6 11. Qc2 e5 12. Ne4 exd4 13. Nxd6 Re6 14. Nxc8 dxe3 15. Bf5 e2 16. Rfe1 Re8 17. Rxe2 Rxc8 18. Rd1 Qc7 19. Bxf6 Rxe2 20. Qxe2 gxf6 21. Rxd7 1-0

[Event "Arco op-A 39th"]
[Site "Arco"]
[Date "2017.10.09"]
[Round "3"]
[White "Leone, Cataldo"]
[Black "Eschweiler, Markus"]
[Result "1-0"]
[WhiteElo "1589"]
[BlackElo "1702"]
[PlyCount "115"]
[EventDate "2017.10.07"]
[EventType "swiss"]
[EventRounds "9"]
[EventCountry "ITA"]
[SourceTitle "CBM 181 Extra"]
[Source "ChessBase"]
[SourceDate "2017.12.12"]
[SourceVersion "1"]
[SourceVersionDate "2017.12.12"]
[SourceQuality "1"]

1. e4 d5 2. exd5 Qxd5 3. d4 Nc6 4. Nf3 Bg4 5. Be2 0-0-0 6. Nc3 Qh5 7. Be3 e6 8. h3 Nf6 9. 0-0 Bd6 10. Nb5 Bxf3 11. Nxd6+ Rxd6 12. Bxf3 Qg6 13. c4 Ne5 14. Be2 c5 15. Qa4 Ra6 16. Qb5 cxd4 17. Bxd4 Nfd7 18. Rac1 Nc6 19. Be3 Rd8 20. Rfd1 f5 21. Bf3 Qe8 22. Rc2 Nde5 23. Rxd8+ Qxd8 24. Be2 Rxa2 25. Rd2 Ra1+ 26. Kh2 Qc7 27. f4 Ng6 28. g3 Ra5 29. Qb3 e5 30. fxe5 Ncxe5 31. c5 Nc6 32. Qg8+ Nd8 33. Bg5 Ne7 34. Qe8 Nec6 35. Bf3 h6 36. Bf4 Qe7 37. Qg8 Qf7 38. Qh8 Rxc5 39. Bxc6 Qf6 40. Bxb7+ Kxb7 41. Qxd8 Qxd8 42. Rxd8 g5 43. Rb8+ Ka6 44. Bd6 Rc6 45. Be5 Re6 46. Bc3 f4 47. gxf4 gxf4 48. Rf8 Rg6 49. Rf6+ Rxf6 50. Bxf6 Kb5 51. Kg2 Kc4 52. Kf3 Kd5 53. Kxf4 Ke6 54. Bg7 Kf7 55. Bxh6 Kg6 56. Bg5 Kh7 57. Ke5 Kg6 58. h4 1-0

[Event "Vescovato Gerolamo op-B 13th"]
[Site "Vescovato"]
[Date "2014.04.26"]
[Round "4"]
[White "Mantovani, Celso"]
[Black "Leone, Cataldo"]
[Result "0-1"]
[WhiteElo "1026"]
[BlackElo "1588"]
[PlyCount "80"]
[EventDate "2014.04.25"]
[EventType "swiss"]
[EventRounds "6"]
[EventCountry "ITA"]
[SourceTitle "EXT 2024"]
[Source "ChessBase"]
[SourceDate "2023.10.10"]
[SourceVersion "1"]
[SourceVersionDate "2023.10.10"]
[SourceQuality "1"]

1. d4 d5 2. e3 Nf6 3. Be2 Bf5 4. Nf3 Nc6 5. 0-0 Nb4 6. Na3 e6 7. c3 Nc6 8. b4 Bd6 9. h3 Qd7 10. c4 Bxb4 11. c5 0-0 12. Bb2 Ne4 13. Kh1 b6 14. cxb6 axb6 15. Nc2 Bd6 16. a3 Ra5 17. a4 Rfa8 18. Nce1 Bb4 19. Nd3 Bd6 20. Qc1 Rxa4 21. Qc2 Rxa1 22. Bxa1 Nb4 23. Qb3 Nxd3 24. Bxd3 Ra3 25. Qc2 Qa4 26. Qb2 Rxd3 27. Ne5 Rd2 28. Kh2 Rxb2 29. Bxb2 f6 30. g4 fxe5 31. gxf5 Qc2 32. fxe6 Nxf2 33. dxe5 Bxe5+ 34. Bxe5 Kf8 35. Bf4 Ke7 36. Rg1 Nd3+ 37. Kg3 Nxf4 38. Kxf4 Qf2+ 39. Kg4 Qxg1+ 40. Kh4 Kf6 0-1

[Event "Vescovato Gerolamo op-B 13th"]
[Site "Vescovato"]
[Date "2014.04.25"]
[Round "2"]
[White "Leone, Cataldo"]
[Black "Frignani, Alessandro"]
[Result "1-0"]
[WhiteElo "1588"]
[BlackElo "1409"]
[PlyCount "75"]
[EventDate "2014.04.25"]
[EventType "swiss"]
[EventRounds "6"]
[EventCountry "ITA"]
[SourceTitle "EXT 2024"]
[Source "ChessBase"]
[SourceDate "2023.10.10"]
[SourceVersion "1"]
[SourceVersionDate "2023.10.10"]
[SourceQuality "1"]

1. e4 e5 2. f4 exf4 3. Nf3 g5 4. Bc4 d6 5. d4 Bg4 6. 0-0 Bg7 7. c3 Ne7 8. Bxf7+ Kf8 9. Qb3 Bxf3 10. Rxf3 Nbc6 11. g3 Ng6 12. gxf4 g4 13. Rf2 Na5 14. Qe6 Nh4 15. f5 Nf3+ 16. Kf1 Qe7 17. Qxe7+ Kxe7 18. Bh5 Bf6 19. Bxg4 Ng5 20. Bxg5 Bxg5 21. Nd2 h5 22. Bh3 Rag8 23. Re1 Nc6 24. Nf3 Bf4 25. Nh4 Bg5 26. Ng6+ Kf6 27. Nxh8 Bh4 28. Ng6 Bxf2 29. Kxf2 Re8 30. Kf3 Na5 31. e5+ dxe5 32. dxe5+ Kf7 33. Kf4 Nc4 34. Kg5 Nxb2 35. e6+ Kg7 36. f6+ Kh7 37. f7 Rxe6 38. Rxe6 1-0

[Event "Verona Province-ch"]
[Site "Zevio Verona"]
[Date "2014.01.26"]
[Round "5"]
[White "Leone, Cataldo"]
[Black "Fiscato, Claudio"]
[Result "0-1"]
[WhiteElo "1619"]
[BlackElo "1768"]
[PlyCount "58"]
[EventDate "2014.01.18"]
[EventType "swiss"]
[EventRounds "6"]
[EventCountry "ITA"]
[SourceTitle "EXT 2015"]
[Source "ChessBase"]
[SourceDate "2014.11.20"]
[SourceVersion "1"]
[SourceVersionDate "2014.11.20"]
[SourceQuality "1"]

1. e4 c5 2. Nf3 e6 3. d4 cxd4 4. Nxd4 a6 5. Nc3 Qc7 6. Be3 Nf6 7. Be2 b5 8. f3 Bb7 9. 0-0 Be7 10. Qd2 0-0 11. a3 d5 12. exd5 Nxd5 13. Nxd5 Bxd5 14. Rac1 Rd8 15. Bd3 Bf6 16. c3 e5 17. Nf5 Bc4 18. Qf2 Rxd3 19. Qg3 Qd7 20. Nxg7 Bxg7 21. Bh6 f6 22. Rfe1 Kh8 23. Bxg7+ Qxg7 24. Qh3 Nc6 25. Re4 Rad8 26. Rce1 Rd1 27. Qf5 Rxe1+ 28. Rxe1 Ne7 29. Qc2 Qg6 0-1